000 00520nam a2200193Ia 4500
001 12710
003 GE_BSU
008 181216s||||||||xx |||||||||||||| ||und||
020 _a9780276428692
040 _cGE_BSU
080 _a821.111-32
100 _aGrisham,John
245 4 _aThe Last judor. The various haunts of men. The codex
260 _aLondon
260 _bthe readers digest association limited
300 _a540p.ill.21cm.
653 _aThe Last judor. The various haunts of men. The codex
942 _cBK
999 _c45881
_d45881